[Event "AUT-chT 9900"]
[Site "Austria"]
[Date "2000.01.14"]
[Round "6.2"]
[White "Atlas, Valeri"]
[Black "Grosar, Aljosa"]
[Result "1-0"]
[WhiteElo "2465"]
[BlackElo "2437"]
[Annotator "Atlas,V"]
[PlyCount "135"]
[EventDate "1999.10.22"]
[EventType "team-tourn"]
[EventRounds "11"]
[EventCountry "AUT"]
[SourceTitle "EXT 2001"]
[Source "ChessBase"]
[SourceDate "2000.11.22"]
[SourceVersion "1"]
[SourceVersionDate "2000.11.22"]
[SourceQuality "1"]
[WhiteTeam "Hohenems SK"]
[BlackTeam "Graz ESV Austria"]
[WhiteTeamCountry "AUT"]
[BlackTeamCountry "AUT"]

1. e4 c5 2. Nf3 d6 3. d4 cxd4 4. Nxd4 Nf6 5. Nc3 Nc6 6. g3 g6 7. Nde2 b6 8. Bg2
Ba6 9. O-O Bg7 10. b3 O-O 11. Bb2 Rc8 12. a3 $5 $146 {[%cal Gc3a2,Ga2b4]} ({
An interesting novelty. Other options are:} 12. Qd2 b5 (12... Nd7 13. Rab1 Nc5
14. Nd1 Bxb2 15. Rxb2 Ne6 16. Ne3 Ne5 17. f4 Nd7 18. Rf2 Nf6 19. c4 b5 20. cxb5
Bxb5 21. Nc3 Bc6 22. Ncd5 Bxd5 23. Nxd5 Nxd5 24. exd5 Nc5 {0-1 Mokry,K-Lanc,A/
Trnava 1986/EXT 97 (40)}) 13. a3 Qb6 14. Rfe1 e6 15. Nf4 Bb7 16. Rad1 a6 17. h3
Rfd8 18. Qc1 Ne7 19. Qa1 e5 20. Nd3 Bh6 21. Kh2 Nh5 22. Re2 Rf8 23. Nb4 Nf6 24.
a4 a5 25. Nba2 b4 26. Nb5 Nxe4 27. Bxe4 Bxe4 28. Rxd6 Qb7 29. c4 Bf3 30. Rxe5
Bg7 31. Rxe7 {1-0 Mokry,K-Kobas,A/Zenica 1986/EXT 97 (42)}) (12. Rb1 Nd7 13.
Nd5 Bxb2 14. Rxb2 e6 15. Ne3 Qf6 16. Rb1 Bxe2 17. Qxe2 Nd4 18. Qd1 Nb5 19. Qd3
Nc3 20. Rbe1 Ne5 21. Qd2 Nf3+ 22. Bxf3 Qxf3 23. Nc4 Nxe4 24. Rxe4 Qxe4 25. Nxd6
Qxc2 26. Qh6 Rc5 27. Re1 Qc3 {0-1 De Armas,A-Madl,I/Smederevska-Palanka 1987 
(27)}) 12... Qc7 13. Re1 e6 14. Na2 b5 15. Nec3 ({If} 15. Nb4 {then} Bb7 16.
Nxc6 Qxc6 17. Nd4 Qb6 18. a4 b4 (18... bxa4 19. Rxa4 e5 20. Ne2) 19. a5 Qc5 20.
e5 $140 $6 Nd5) 15... Qb6 16. Qd2 Bb7 17. Rad1 Rfd8 18. Qe3 $5 (18. h3 $5 {
/\Qc1-a1, /^a1-h8 deserved serious attention here. In the arising endgame
Black has good counterchances.}) 18... Qxe3 19. Rxe3 Ne8 20. Red3 (20. Ba1 Nd4
$36) 20... a5 $1 21. R3d2 Na7 (21... b4 $5 {was an interesting option:} 22.
axb4 axb4 23. Na4 Bxb2 24. Nxb2 Ra8 25. Na4) 22. Ba1 Rd7 23. Ne2 Bxa1 24. Rxa1
Rdc7 25. c3 Nf6 (25... a4 $5 $15) 26. f3 d5 $6 27. e5 Nd7 28. f4 Nc5 29. Rb1
Nc6 30. Kf2 h5 31. h3 (31. Nd4 $5 {would be premature here:} Nxd4 32. cxd4 Ne4+
(32... Nd3+ $5 33. Ke3 Nc1 34. Nxc1 Rxc1 35. Rxc1 Rxc1 $36 36. Kd3 $140 b4 {
/^f1-a6}) 33. Bxe4 dxe4 34. Ke3 Bd5) 31... a4 32. b4 Nb3 33. Rd3 d4 $6 ({
This pawn thrust is a mistake, after which White has an upperhand.} 33... f6 {
was to be preferred.} 34. exf6 Kf7) 34. Rbd1 $1 {[%cal Gd1d8,Ga2c3,Ge2d4,Gg2b7]
} ({Black's idea would be justified after} 34. cxd4 Nbxd4 $1 35. Bxc6 (35. Nxd4
Nxd4 36. Bxb7 Rxb7 (36... Rc2+ 37. Kf1 R8c4 38. Rbd1 Nb3 (38... Nf5 39. R1d2
Nxg3+ 40. Kf2) 39. Nc3 R2xc3 40. Rxc3 Rxc3 41. Ba6 Rxg3 42. Bxb5 $14) 37. Nc3
Rbc7 $36) 35... Nxc6 $13 {The text move allows White to seize initiative.})
34... dxc3 35. Naxc3 Na7 36. Bxb7 Rxb7 37. Rd8+ Rxd8 38. Rxd8+ Kg7 39. Ne4 Nc6
40. Re8 Rd7 41. Nd6 (41. Nf6 {was a good alternative to the text:} Rd8 (41...
Rd2 $2 42. Rg8+ Kh6 43. g4 {, and mate is inevitable.}) 42. Rxd8 Nxd8 43. Ne8+
Kf8 44. Nd6 {, winning the b5 pawn.}) 41... Ncd4 42. Nxd4 Nxd4 43. Rc8 $1 {
Creating new threats to the black king.} Nf5 $2 {Loses a piece. 43...g5 was
more stubborn.} 44. Ne8+ Kh6 45. g4 hxg4 46. hxg4 Rd2+ ({The only chance. After
} 46... Ne7 47. g5+ Kh7 (47... Kh5 48. Nf6+ Kh4 49. Rh8#) 48. Nf6+ Kg7 49. Nxd7
Nxc8 50. Ke3 {the knight endgame is hopeless for Black}) 47. Ke1 Rd3 48. gxf5
gxf5 49. Nd6 Rxa3 50. Nxb5 Rb3 51. Rc4 a3 52. Nc3 Rb2 (52... Rb1+ {(/\ 53.
Nb1?? a2-+) does not help in view of} 53. Kd2 Rb2+ 54. Kc1) 53. b5 a2 54. Nxa2
Rxa2 55. Rb4 Ra7 56. b6 Rb7 57. Ke2 f6 ({After} 57... Kh5 {White is winning by
transferring his king to the a-file:} 58. Kd3 (58. Kf3 Kh4 59. Rb1 Kh5 60. Rb2
Kg6 61. Ke3 Kh5 62. Kd4 Kg4 63. Kc5 Kxf4 64. Kc6 Rb8 65. Rb5 Ke4 66. Kc7 Rf8
67. b7 f4 68. b8=Q Rxb8 69. Kxb8 f3 70. Kc7 f2 71. Rb1 Kxe5 72. Rf1 f5 73. Rxf2
f4) 58... Kg4 59. Kc3 Kf3 60. Kb3 Ke3 61. Ka4 Rxb6 62. Rxb6 Kxf4 63. Rb7 Kxe5
64. Rxf7 f4 65. Kb3 Ke4 66. Kc3 Ke3 67. Re7 $18) {The text move is easily
refuted.} 58. exf6 Kg6 59. Ke3 Kxf6 60. Kd4 Ke7 61. Kc5 e5 62. Kc6 Rb8 63. Kc7
Rf8 64. fxe5 Ke6 65. Rb5 f4 66. b7 Rf7+ 67. Kb6 Rf8 68. Ka7 ({Black resigned
in view of the line:} 68. Ka7 f3 69. b8=Q Rxb8 70. Kxb8 f2 71. Rb1 Kxe5 72. Rf1
$18) 1-0

[Event "Donetzk zt"]
[Site "Donetsk"]
[Date "1998.11.04"]
[Round "3"]
[White "Kuzmin, Gennadi P"]
[Black "Ovsejevitsch, Sergei"]
[Result "1-0"]
[WhiteElo "2560"]
[BlackElo "2500"]
[Annotator "Atlas,V"]
[PlyCount "59"]
[EventDate "1998.11.02"]
[EventType "swiss"]
[EventRounds "11"]
[EventCountry "UKR"]
[SourceTitle "CBM 068"]
[Source "ChessBase"]
[SourceDate "1999.02.01"]
[SourceVersion "1"]
[SourceVersionDate "1999.02.01"]
[SourceQuality "1"]

1. e4 {Baburin} c5 2. Nf3 d6 3. d4 cxd4 4. Nxd4 Nf6 5. Nc3 g6 6. Bg5 Bg7 7. f3
Nc6 8. Nb3 O-O ({Another option here is} 8... Bd7 9. Qd2 a5 10. a4 Rc8 11. Rd1
Nb4 12. Be2 O-O 13. O-O Be6 14. Nd4 Bc4 15. Bxc4 Rxc4 16. Ndb5 Ne8 17. Kh1 Nc7
18. Qe2 Rc5 19. Nxd6 Rxg5 20. Nxf7 Qxd1 21. Rxd1 Rxf7 22. Qc4 Nc6 23. Nb5 Ne8
24. Qe6 Rc5 25. c3 b6 26. Rd5 Rxd5 27. exd5 Ne5 28. Qxb6 Bf6 29. Qd8 Rf8 30.
Qxa5 Kg7 31. Nd4 Nd6 32. Ne6+ Kf7 33. Nxf8 Kxf8 34. Qd8+ Kf7 35. a5 Nec4 36. a6
Nxb2 37. a7 Bxc3 38. a8=Q {1-0 Hase,R-Aparicio,A/Santa Fe 1973/MCD (38)}) 9.
Qd2 Be6 10. O-O-O a5 11. a4 Bxb3 $6 {The course of the game shows the
drawbacks of Black's operation.} (11... Rc8 $5 {/\Ne5-c4 was a plausible
alternative here.}) 12. cxb3 Nd7 $6 {A logical continuation of Black's plan,
which however, seriously diminishes his kingside and allows White to rapidly
develop a dangerous attack  there.} (12... Qb6 {was to be preferred, e.g.} 13.
Bc4 Ne5 14. Bxf6 Nxc4 15. bxc4 Bxf6 16. Nd5 Qb3 17. Nxf6+ exf6 18. Qc2 Qb4 {
(/\19...Rfc8 20.b3 b5 21.ab5 a4->)} 19. Rd5 Rfc8 20. b3 Rc5) 13. Kb1 Nc5 14.
Bc4 Ne5 15. Bb5 $1 {This pawn sascrifice yields White excellent attacking
chances.} (15. Nd5 {leads to unclear play after} Nxc4 16. bxc4 f6 17. Be3)
15... Nxb3 16. Qe3 {Threatening 17.Nd5.} Nc6 (16... Nc5 {deserved serious
attention here.}) 17. h4 $1 {Launching dangerous attack on the king side. 
Baburin: 'Although this motif - opening the h-file after h2-h4-h5xg6, has been
used in thousands of games, it remains one of the most dangerous treatments in
such pawn structures. Here White's small material deficit is fully compensated
by his play on the kingside, besides of this Black has misplaced one of his
knights, while winning the b3-pawn.'} (17. Nd5 {is met by} Nbd4) 17... Nbd4 18.
h5 Ne6 19. hxg6 $1 (19. Bh6 {was an option here, but the text move is the best.
}) 19... Nxg5 20. Qxg5 hxg6 (20... fxg6 $4 {loses on the spot after} 21. Bc4+
Kh8 22. Rxh7+ Kxh7 23. Rh1+) 21. Qh4 ({This move is much stronger than} 21. Rh3
$6 e6 22. Qg3 Qf6 {, followed by Rfd8 and Kf8-e7.}) 21... Re8 22. f4 $1 {
The strongest continuation, preparing the e4-e5 advancement.} e6 23. Qh7+ Kf8
24. e5 d5 25. Ne4 {'!?' Baburin.} Qe7 {[%tqu "En","","","","e4d6","",0]} 26.
Nf2 $1 {[%csl Rg8,Rh6][%cal Gf2g4,Gg4h6,Gh7g8] Baburin: 'Threatening Nf2-g4-h6
or Rh4, Rdh1 and Qxg7+.'} ({This non-obvious knight retreat is much stronger
than the appealing continuation} 26. Nd6 {, which in fact yields Black
excellent play after} Red8 {, followed by 27...Rd6. Now White is planning the
maneuver Nf2-g4-h6, with decisive mate threats.}) 26... Red8 27. Ng4 Qb4 (27...
Rac8 28. Nh6 {/\Qg8#} Bxh6 29. Qh8#) (27... Qc7 28. Nf6 Ne7 29. Rc1 Qb6 30. Be8
$1) 28. Nf6 Ne7 {[%mdl 64]} {[%tqu "En","Which move wins on the spot?","","",
"b5e8","This is the winning move.",10]} 29. Be8 $3 {[%csl Rd7,Rf7,Rf8][%cal
Gh7g7,Gh1h7,Gh7f7,Gf6d7,Ge8f7]} g5 (29... Rxe8 30. Nd7#) (29... Rac8 30. Qxg7+
Kxg7 31. Rh7+ Kf8 32. Rxf7#) 30. g4 {Baburin: 'Black cannot prevent Qxg7+ with
checkmate.'} (30. g4 Rac8 31. Qxg7+ Kxg7 32. Rh7+ Kg6 (32... Kf8 33. Rxf7#) 33.
Bxf7#) 1-0

[Event "SUI-chT"]
[Site "Switzerland"]
[Date "2000.??.??"]
[Round "3"]
[White "Atlas, Valeri"]
[Black "Summermatter, Daniel"]
[Result "1-0"]
[WhiteElo "2465"]
[BlackElo "2325"]
[Annotator "Atlas,V"]
[PlyCount "169"]
[EventDate "2000.02.??"]
[EventType "team-tourn"]
[EventRounds "9"]
[EventCountry "SUI"]
[SourceTitle "EXT 2001"]
[Source "ChessBase"]
[SourceDate "2000.11.22"]
[SourceVersion "1"]
[SourceVersionDate "2000.11.22"]
[SourceQuality "1"]

1. e4 c5 2. Nf3 Nc6 3. Nc3 d6 4. d4 cxd4 5. Nxd4 Nf6 6. g3 g6 7. Nde2 Bg4 8.
Bg2 Rc8 ({The alternatives are:} 8... Bg7 9. h3 Bxe2 10. Nxe2 O-O 11. O-O Qb6
12. c3 Rac8 13. Nf4 Qa6 14. Re1 b5 15. Nd5 Nxd5 16. exd5 Ne5 17. a4 bxa4 18.
Rxa4 Qb6 19. Qe2 Rb8 20. Kh2 Bf6 21. Rb4 Qc7 22. f4 Nd7 23. Rc4 Qb7 24. g4 {
1/2-1/2 Boleslavsky,I-Mikenas,V/Gorky 1954/EXT 99 (41)}) (8... Bxe2 9. Qxe2 Bg7
10. O-O O-O 11. Nd5 Rc8 12. c3 Nxd5 13. exd5 Ne5 14. Bd2 Nc4 15. Be1 a6 16. b3
Ne5 17. Bd2 Nd7 18. Rac1 Re8 19. c4 a5 20. Bh3 Ra8 21. Rfe1 Nc5 22. Bc3 Qb6 23.
Bxg7 Kxg7 24. Qb2+ Kg8 25. Re3 e5 26. dxe6 fxe6 27. Qf6 Qd8 28. Bxe6+ Nxe6 29.
Rxe6 {1-0 Speelman,J-Sosonko,G/London 1980/MCD (52)}) (8... Qc8 9. h3 Bd7 10.
Nd5 Bg7 11. Bd2 O-O 12. Bc3 Nxd5 13. exd5 Bxc3+ 14. Nxc3 Ne5 15. Qd4 Qc4 16.
O-O-O Qxd4 17. Rxd4 Rac8 18. f4 Nc4 19. Re1 Rfe8 20. Bf1 Nb6 21. g4 Rc5 22. Bg2
Kf8 23. Nd1 Rec8 24. Ne3 {1/2-1/2 Jansa,V-Karlsson,L/Svendborg 1981/MCD (46)})
9. h3 Bxe2 10. Qxe2 Bg7 11. O-O O-O 12. Be3 Qa5 13. Rfd1 $5 Ne5 14. Rd4 $5 {
[%csl Rc4][%cal Gd4a4] An unusual for this line and efficient rook thrust.
White seizes control over the the c4-square and threaten 15.Ra4.} a6 (14... Nc6
{is strongly met by} 15. Ra4 {, and after} Qd8 {White can choose between
grabbing the a7-pawn} 16. Bxa7 Nxa7 $140 17. Rxa7 Qb6 18. Nb5 Nh5 19. e5 {
or playing 16.Rd1 a6 17.Nd5, with better chances in both cases.}) 15. f4 Ned7 (
{More natural} 15... Nc6 16. Ra4 Qd8 17. Rd1 (17. Nd5 $5 Nd7 18. c3 Nc5 19. Ra3
e6 20. Nb4 {also deserves serious attention}) 17... Nd7 {was to be preferred.})
16. Rad1 Qc7 {intending to play Nb6-c4.Yet, White realize now an efficient
pawn thrust, yielding him a long-term initiative.} 17. e5 $1 {[%csl Rd7][%cal
Ge5d6,Ge5f6,Gd1d7]} dxe5 18. Rxd7 $1 ({The justification of the initial
sacrifice. Overly optimistic} 18. fxe5 $6 {falls short of} Nxe5 19. Bf4 Nh5 {
(the only move)} 20. Nd5 Qxc2 $15 (20... Qd6 21. Bg5 Nxg3 22. Qe1 $14)) 18...
Nxd7 19. Nd5 Qxc2 {The only defence. After} (19... Qd8 20. Nb6 Rc7 21. Qd3 $16
{, or}) (19... Qd6 20. Nb6 {White gets a large advantage.}) 20. Nxe7+ Kh8 21.
Qxc2 Rxc2 22. Rxd7 exf4 (22... Rxb2 {is strongly met by} 23. Bd5 $1 {/\f4-f5})
23. gxf4 Rxb2 24. Bd5 $1 {[%csl Rb7,Rf7][%cal Gd5a2,Gd5f7,Ge3c5,Gc5f8,Gd7b7,
Gd7f7] /\Bc5, קf7. This bishop centralization allow White to keep a very
important a-pawn and increase the pressure on the seventh rank.} b6 25. f5 $1 {
Threatening Rd6 and Bg5} Re2 $6 ({After this natural move Black gets in a
critical situation.} 25... Bf6 {fails to} 26. Bxf7 $1 (26. Bh6 $5 Bg7 (26...
Re8 27. Bxf7) 27. Bg5 Bd4+ 28. Kf1 Kg7 $14) 26... Rxf7 27. Rd8+ Rf8 (27... Kg7
28. Rg8#) 28. Rxf8+ Kg7 29. Bh6+ (29. Rxf6 $2 Rb1+ 30. Kg2 Kxf6 31. fxg6 hxg6
32. Nd5+ Kf5 33. Nxb6 Rb2+ $17) 29... Kxh6 30. Rxf6 Kg5 31. Rf8 Rxa2 32. f6 $18
) ({More stubborn was} 25... a5 {, and White can choose between} 26. Rd6 Re2
27. Bxb6 Rxe7 28. f6 {and 26.Kf1, with better chances.}) 26. Bxb6 Bf6 (26...
Rb8 {is strongly met by} 27. Bb3 $5 {/\Nd5} ({also} 27. Nc6 {deserves
attention:} Rxb6 28. Rd8+ Bf8 29. Rxf8+ Kg7 30. Rxf7+ Kh6 31. fxg6 hxg6 32. Rf2
$14) 27... Rxb6 $140 $2 28. Rd8+ Bf8 29. Rxf8+ Kg7 30. Rxf7+ Kh6 31. f6 $18)
27. Nc6 $1 ({More chances to Black would yield} 27. Bc5 Re8) ({or} 27. Bd8 Kg7)
27... gxf5 28. Kf1 Rc2 $6 $138 ({A dubious decision.} 28... Rd2 {was to be
preferred.}) 29. Nd8 $1 Bxd8 30. Bxd8 Kg7 31. Bb6 $6 $138 ({Not the best reply.
Much simpler was} 31. Rd6 $1 {/\Bf6+} Re8 (31... f6 32. Be7 $18) 32. Bg5 $18)
31... Kg6 32. Bb3 Rh2 33. Rd3 f4 $6 (33... Rc8 {was a better choice:} 34. Rg3+
Kf6 35. Bd4+ Ke7 36. Re3+ Kf8) 34. Bc7 Rc8 $6 ({More stubborn was} 34... Kf5)
35. Bxf4 Rb2 36. Bd2 Kf5 37. Ke2 Rg8 38. Kf3 Rg1 39. Rd5+ Kg6 40. Rd6+ f6 41.
Rxf6+ (41. Bc4 $5 {should be also sufficient to win.}) 41... Kxf6 42. Bc3+ Kf5
43. Bxb2 Rf1+ 44. Kg2 Re1 45. Bd4 Ke4 46. Bb6 Rc1 47. a4 $1 {[%csl Ra6][%cal
Ga4a5,Gb3c4,Gc4a6] The most efficient way of converting the advantage. White's
a-pawn comes to a5, after which the light-squared bishop gets to the f1-a6
diagonal.} h5 48. a5 h4 49. Be6 Rc2+ 50. Kf1 Rc1+ 51. Ke2 Rc2+ 52. Ke1 Rc3 53.
Kd2 Rd3+ 54. Kc2 Rd6 55. Bg4 $6 $138 ({A mistake in a time-trouble, which is
fortunately still suffies for win.} 55. Bc4 {was easily winning:} Kf3 56. Bxa6
Kg2 57. Bb7+ Kxh3 58. Bc5 (58. a6 Rxb6 59. a7 Rxb7 60. a8=Q $18) 58... Rg6 59.
a6 $18) 55... Kd5 56. Bf3+ Kc4 57. Be2+ Kb4 58. Bxa6 Rd5 59. Be2 Rxa5 60. Bg4
$1 (60. Bxa5+ $2 Kxa5 {leads to a theoretical draw (cf. an illustrous game
Korchnoj-Karpov in Bagio 1978)}) 60... Ra8 61. Kd3 Kb5 62. Bf2 Rh8 63. Bd7+ $1
{[%cal Gf2a7,Gd7a4] Cutting off the Black king.} Kb4 64. Ke4 Rd8 65. Bf5 Rh8
66. Kf4 Kc4 67. Kg5 Kd5 68. Bxh4 {Finally!Now the unstoppable march of the
last white pawn decides the game.} Kd6 69. Bg3+ Ke7 70. h4 Rg8+ 71. Bg6 Ra8 72.
h5 Ra5+ 73. Kh6 Kf8 74. Kh7 Ra7+ 75. Kh8 Ra6 76. Be5 Ke7 77. Kg7 Ke6 78. Bd4
Ra4 79. Bf7+ Kf5 80. Bc5 Ra5 81. Bf8 Ra1 82. Bg6+ Ke6 83. h6 Ra7+ 84. Kg8 Kf6
85. h7 1-0

[Event "Stockholm"]
[Site "Stockholm"]
[Date "2002.08.11"]
[Round "9"]
[White "De Firmian, Nick E"]
[Black "Carlsson, Pontus"]
[Result "1-0"]
[WhiteElo "2551"]
[BlackElo "2400"]
[Annotator "Atlas,V"]
[PlyCount "75"]
[EventDate "2002.08.03"]
[EventType "tourn"]
[EventRounds "9"]
[EventCountry "SWE"]
[EventCategory "8"]
[SourceTitle "CBM 091"]
[Source "ChessBase"]
[SourceDate "2002.11.12"]
[SourceVersion "1"]
[SourceVersionDate "2002.11.12"]
[SourceQuality "1"]

1. e4 c5 2. Nf3 d6 3. d4 cxd4 4. Nxd4 Nf6 5. Nc3 g6 6. Bc4 Bg7 7. Bb3 O-O 8. h3
a6 9. O-O b5 10. Re1 Bb7 11. Bg5 Nbd7 12. Nd5 e6 13. Nxf6+ Bxf6 14. Bh6 Re8 15.
c3 Nc5 16. Bc2 e5 17. Nb3 Na4 18. Nd2 Nb6 19. Qf3 Qe7 20. Bb3 Rad8 21. Rad1 d5
22. exd5 Bg7 23. Bxg7 Kxg7 24. Nf1 e4 25. Qg3 Nxd5 26. Rd4 Nf6 27. Ne3 Kf8 28.
Red1 Rxd4 29. Rxd4 Rd8 30. Rxd8+ Qxd8 31. Qe5 Qe7 32. Qd4 h5 33. a4 bxa4 34.
Bxa4 Kg8 35. c4 Kg7 36. c5 Qc7 {[%tqu "En","All White's pieces are superbly
placed. How can he use this?","Try to gain control over the d5-square.","Use
the power of the passed c-pawn.","c5c6","",5]} 37. c6 $1 {[%csl Rb7,Ge3,Rf6]
[%cal Gd4g7,Ga4c6] This efficient pawn thrust decides the game for White.} Bc8
{[%tqu "En","How can White conclude the game?","Exploit the shaky position of
the black queen.","Sacrifice your queen!","d4f6","A nice game conclusion!",4]}
38. Qxf6+ $1 {[%csl Rc7,Rf6][%cal Ge3d5,Gd5c7,Gd5f6]} (38. Qxf6+ {, and Black
resigned, as after} Kxf6 39. Nd5+ Ke5 40. Nxc7 {he has no compensation for the
lost piece.}) 1-0

[Event "SUI-chT"]
[Site "Switzerland"]
[Date "2000.??.??"]
[Round "7"]
[White "Atlas, Valeri"]
[Black "Ballmann, Martin"]
[Result "1/2-1/2"]
[WhiteElo "2465"]
[BlackElo "2413"]
[Annotator "Atlas,V"]
[PlyCount "94"]
[EventDate "2000.02.??"]
[EventType "team-tourn"]
[EventRounds "9"]
[EventCountry "SUI"]
[SourceTitle "EXT 2001"]
[Source "ChessBase"]
[SourceDate "2000.11.22"]
[SourceVersion "1"]
[SourceVersionDate "2000.11.22"]
[SourceQuality "1"]

1. e4 c5 2. Nf3 d6 3. d4 cxd4 4. Nxd4 Nf6 5. Nc3 g6 6. g3 Nc6 7. Nde2 Bg4 8.
Bg2 Bxe2 (8... Bg7 9. O-O O-O 10. h3 Bxe2 11. Qxe2 Qb6 12. Nd5 Nxd5 13. exd5
Ne5 14. c3 Rfc8 15. Re1 Qa6 16. Qxa6 bxa6 17. f4 Nd3 18. Rxe7 Rab8 19. Re2 Rxc3
$1 20. bxc3 Bxc3 $44 {0-1 Bronstein,D-Tal,M/Tbilisi 1982/EXT 99 (41)}) 9. Qxe2
Bg7 10. O-O O-O 11. Nd5 Nd7 12. c3 Rb8 13. Bg5 (13. a4 $5 Nc5 14. Bg5 $13 (14.
Ra3 $5)) 13... h6 14. Be3 b5 15. Rad1 a5 (15... b4 $2 16. cxb4 Nxb4 17. Bxa7
Rb7 18. Nxb4 Rxb4 19. b3 $16) 16. h4 $1 {[%csl Rg6][%cal Gh4h5,Gh5g6] Quite an
unusual move for this line and yet the strongest contunuation. White is
threatening with the pawn thrust to h5, weakening Black's kingside.} Nde5 (
16... b4 17. cxb4 axb4 {is strongly met by} 18. Rc1 $1 (18. h5 e6 19. Nf4 g5
$13) 18... Na5 19. Qd2 {, with various threats.}) 17. f4 Nc4 18. Bf2 (18. Bc1 {
also deserved here serious attention.}) 18... e6 19. Ne3 Ne7 ({After} 19...
Nxe3 20. Bxe3 {White has excellent attacking chances on the kingside.}) 20. h5
$1 gxh5 21. f5 $1 ({Premature} 21. Qxh5 Nxb2 22. Ng4 Nxd1 23. Rxd1 (23. Bd4 e5)
23... Kh7 {, followed by 24...Ng8, does not promise White a sufficient
compensation. The text move yields White a very dangerous attack.}) 21... Ne5 (
{After} 21... Nxe3 22. Bxe3 {threatening 23.f6, Black's position is hopeless.})
22. Qxh5 $6 ({Not the strongest contuation. Instead,} 22. Bh3 $1 {was to be
preferred, as after} exf5 23. exf5 {White has great prospects on the kingside.}
) 22... Nc8 $1 {The most stubborn reply.} 23. Bh3 (23. Ng4 $6 {falls short of}
Qg5 $1) (23. Qh3 $5 {was an interesting alternative to the text move.}) 23...
Qg5 $1 {Again the best reply.} 24. Qe2 ({After} 24. Qxg5 $2 Nf3+ 25. Kg2 Nxg5 {
Black has a good play in the ending.}) 24... Re8 25. Ng2 $1 {Threatening 26.
Be3 Qg3 27.Qh5 /\Bf4.} exf5 26. Bxf5 Ne7 27. Be3 $1 {Winning the queen. Yet,
Black gets considerable compensation for it.} Qxg3 28. Bf4 Nxf5 29. Bxg3 Nxg3
30. Qf2 Nxf1 31. Rxf1 b4 ({Immediate} 31... Re6 {is strongly met by} 32. Qa7)
32. Ne3 bxc3 33. bxc3 Re6 34. Nf5 Kh8 35. Kh1 Ng4 36. Qa7 $1 Rf8 (36... Rb2 $2
{loses on the spot in view of} 37. Qxf7) 37. Nxg7 (37. Qxa5 Be5) 37... Kxg7 38.
Qxa5 Re5 (38... Rxe4 $2 {is refuted by} 39. Qf5 Rc4 40. Rg1 {, and White wins.}
) 39. Qb6 Rg8 $6 (39... Rh5+ 40. Kg2 Rg5 $36 {was to be preferred.}) 40. Qd4 $1
f6 41. Rf5 $1 Ree8 (41... Re6 {deserved attention here.}) 42. Rb5 $6 ({An
appealing, but not the strongest continuation. A simpler way to convert the
material advantage was} 42. Kg2 $1 {, immediately leaving the dangerous corner.
The text move yields Black dangerous counterplay.}) 42... Kh8 43. Kg2 $2 ({
To continue struggle for the win, White had to play} 43. Rb7 $1 Re5 (43... Rxe4
44. Rh7+ $16) 44. Kg2 {, with the threat 45.Qa7. The only move for Black is} f5
$1 {, opening the f6-square for his knight.} {Yet, after} 45. Kf1 {White
retains a large advantage.}) 43... d5 $1 {Excellent resource, allowing Black
to seize the initiative.} 44. exd5 (44. Rxd5 {leads to a draw by perpetual
after} Ne3+ 45. Kf3 Nxd5 46. exd5 Re5 47. d6 Rgg5 48. d7 Rgf5+) 44... Re5 $1 ({
Certainly, not} 44... Re2+ $2 45. Kf3 Re3+ 46. Qxe3 Nxe3 47. Kxe3 {, and White
easily wins. The text move creates manifold threats, and White has to play
carefully to keep the balance.}) 45. Kf3 (45. Qf4 $2 {is refuted by} Rf5 $1 {
and White loses his queen.}) (45. Rb2 {loses in view of} Nh2+ 46. Kh1 (46. Kxh2
Rh5+) 46... Nf3) 45... Nh2+ 46. Kf2 ({Certainly, not} 46. Kf4 $4 Rg4#) 46...
Ng4+ ({An attempt to play on win leads to fiasco:} 46... Rf5+ $2 47. Ke2 Rg2+
48. Kd3 Rf3+ 49. Kc4 Rg4 50. d6 $18 {, and Black cannot stop the passed pawn.})
47. Kf3 Nh2+ 1/2-1/2